[Event "British Champions"]
[Site "SchemingMind.com"]
[Date "2008.05.17"]
[Round "-"]
[White "badbishop"]
[Black "ibukuno"]
[Result "1-0"]
[WhiteCountry "POL"]
[BlackCountry "NGR"]
[WhiteElo "2271"]
[WhiteRD "65"]
[BlackElo "1824"]
[BlackRD "81"]
[GameID "154603"]

1. d4 d5 2. c4 Nf6 3. cxd5 Nxd5 4. Nf3 g6 5. e4 Nf6 6. Nc3 Bg7 7. Bc4 Bg4 8. Bxf7+ Kxf7 9. Ne5+ Kf8 10. Nxg4 Nxg4
11. Qxg4 Bxd4 12. Bh6+ Ke8 13. O-O-O Nc6 14. Nb5 e5 15. Qe6+ Ne7 16. Bg7 Rg8 17. Bxe5
1-0

[Event "British Champions"]
[Site "SchemingMind.com"]
[Date "2008.05.12"]
[Round "-"]
[White "esteves101"]
[Black "ibukuno"]
[Result "1-0"]
[WhiteCountry "PHI"]
[BlackCountry "NGR"]
[WhiteElo "2081"]
[WhiteRD "62"]
[BlackElo "1791"]
[BlackRD "77"]
[GameID "154604"]

1. e4 e5 2. Nf3 Nc6 3. d4 exd4 4. Nxd4 Nf6 5. Nc3 Bb4 6. Nxc6 bxc6 7. Bd3 O-O 8. O-O Bxc3 9. bxc3 h6 10. e5 Nd5
11. Qg4 d6 12. Qg3 dxe5 13. Bxh6 Qf6 14. Bg5 Qe6 15. Bd2 e4 16. Rfe1 f5 17. c4 Nb6 18. f3 Nxc4 19. Bc3 Rf7 20. Bxe4 fxe4
21. Rxe4 Qd5 22. Re8+ Kh7 23. Qh4+ Kg6 24. Rae1 Qg5 25. Qxc4 Qd5 26. Qh4 Qg5 27. Qe4+ Bf5 28. Qxc6+
1-0

[Event "British Champions"]
[Site "SchemingMind.com"]
[Date "2008.05.17"]
[Round "-"]
[White "Schaakmaatje"]
[Black "ibukuno"]
[Result "1-0"]
[WhiteCountry "NED"]
[BlackCountry "NGR"]
[WhiteElo "1837"]
[WhiteRD "46"]
[BlackElo "1788"]
[BlackRD "81"]
[GameID "154605"]

1. e4 e5 2. Nf3 Nc6 3. Bc4 h6 4. O-O Nf6 5. Nc3 Bc5 6. d3 a6 7. a4 d6 8. h3 O-O 9. Nd5 Be6 10. c3 Bxd5
11. Bxd5 Nxd5 12. exd5 Ne7 13. Qb3 Qd7 14. Be3 Rfd8 15. d4 exd4 16. Nxd4 Bxd4 17. Bxd4 b6 18. c4 Nf5 19. Bc3 Qe7 20. Rae1 Qg5
21. Qc2 Nh4 22. f4 Qg3 23. Qf2 Qxf2+ 24. Rxf2 Re8 25. Rfe2 Rxe2 26. Rxe2 Kf8 27. Kf2 Nf5 28. g4 Nh4 29. f5 g6 30. fxg6 Nxg6
31. Kg3 Rc8 32. Bf6 c6 33. h4 cxd5 34. cxd5 Rc5 35. h5 Ne5 36. Bxe5 dxe5 37. Rxe5 f6 38. Rf5 Ke7 39. b4 Rc4 40. Rf4 Rc3+
41. Rf3 Rc4 42. Rf4 Rc3+ 43. Kf2 Ra3 44. Re4+ Kf7 45. Ke2 Rxa4 46. d6 Ra2+ 47. Ke3 Ra1 48. Ke2 Ra2+ 49. Kd3 Ra1 50. Kc2 Ra2+
51. Kc3 Ra1 52. Kc4 Rd1 53. Re7+ Kf8 54. Rd7 Ke8 55. Re7+ Kd8 56. Re6 Kd7 57. Rxf6 Rxd6 58. Rxd6+ Kxd6 59. g5 hxg5 60. h6 g4
61. h7
1-0

[Event "British Champions"]
[Site "SchemingMind.com"]
[Date "2008.05.17"]
[Round "-"]
[White "CenturyBugs"]
[Black "ibukuno"]
[Result "1-0"]
[WhiteCountry "ENG"]
[BlackCountry "NGR"]
[WhiteElo "2088"]
[WhiteRD "67"]
[BlackElo "1791"]
[BlackRD "77"]
[GameID "154606"]

1. Nf3 Nf6 2. d4 d5 3. Bg5 e6 4. c4 Be7 5. Nc3 h6 6. Bxf6 Bxf6 7. e3 Nc6 8. Bd3 O-O 9. cxd5 exd5 10. O-O Bg4
11. Qb3 Bxf3 12. gxf3 Ne7 13. Qxb7 Rb8 14. Qxa7 Rxb2 15. Qa3 Rb8 16. Qc5 c6 17. Rfb1 Qd7 18. Kg2 Ng6 19. Ne2 Be7 20. Qc2 Nh4+
21. Kg3 Qd6+ 22. f4 Qf6 23. a4 Ng6 24. a5 Qh4+ 25. Kg2 Qg4+ 26. Ng3 Nh4+ 27. Kf1 Qh3+ 28. Ke2 Qg2 29. Rg1 Qh3 30. Bf5 Nxf5
31. Nxf5 Bf6 32. a6 Ra8 33. Rh1 Ra7 34. Ng3 Qc8 35. Rhg1 Qe6 36. Nf5 Kh8 37. Rgb1 Rfa8 38. Rb6 Rc7 39. Kf1 Bd8 40. Kg2 Qg6+
41. Kh1 Qh5 42. Rxc6 Rca7 43. Kg2 Qg4+ 44. Ng3 Bh4 45. Qc5 Bxg3 46. hxg3 h5 47. Rc7 Rxa6 48. Rh1 Ra2 49. Qxd5 Rxf2+ 50. Kxf2
1-0

[Event "British Champions"]
[Site "SchemingMind.com"]
[Date "2008.05.13"]
[Round "-"]
[White "Talis"]
[Black "ibukuno"]
[Result "1-0"]
[WhiteCountry "LTU"]
[BlackCountry "NGR"]
[WhiteElo "2073"]
[WhiteRD "98"]
[BlackElo "1853"]
[BlackRD "91"]
[GameID "154607"]

1. e4 e5 2. Nc3 Nf6 3. f4 exf4 4. e5 Ng8 5. Nf3 Ne7 6. Bc4 Ng6 7. O-O Be7 8. Nd5 Nc6 9. d4 O-O 10. Nxf4 Nxf4
11. Bxf4 d5 12. exd6 Bxd6 13. Bg5 Be7 14. Bxe7 Qxe7 15. c3 Bg4 16. Qc2 Rad8 17. Rae1 Qd6 18. Ng5 Qg6 19. Nxf7 Qxc2 20. Nxd8+
1-0